000 00546cas a22001694i 4500
999 _c50708
_d50708
001 768714001
003 CO-MdFUSB
005 20180324110300.0
008 180324s2001 cr ||||| |||| 00| 0 spa d
040 _aCO-MdFUSB
_bspa
_cCO-MdFUSB
_dCO-MdFUSB
041 _aspa
100 1 _aZelaya, Hugo M.
_eautor
245 1 0 _aLa secularización de la iglesia
300 _aVolumen 5. Número 12 (2001), páginas 178-181
_c: 28 cm.
773 0 _tConquista Cristiana
_049446
_960270
_gVolumen 5. Número 12 (2001), páginas 178-181
_qpágina 178
942 _cANA